<?xml version="1.0" encoding="UTF-8"?><?xml-stylesheet type="text/xsl" href="static/style.xsl"?><OAI-PMH xmlns="http://www.openarchives.org/OAI/2.0/" xmlns:xsi="http://www.w3.org/2001/XMLSchema-instance" xsi:schemaLocation="http://www.openarchives.org/OAI/2.0/ http://www.openarchives.org/OAI/2.0/OAI-PMH.xsd"><responseDate>2026-06-04T23:50:51Z</responseDate><request verb="GetRecord" identifier="oai:riuma.uma.es:10630/28662" metadataPrefix="marc">https://riuma.uma.es/rest/oai/request</request><GetRecord><record><header><identifier>oai:riuma.uma.es:10630/28662</identifier><datestamp>2026-02-03T12:21:25Z</datestamp><setSpec>com_10630_2254</setSpec><setSpec>col_10630_37959</setSpec></header><metadata><record xmlns="http://www.loc.gov/MARC21/slim" xmlns:dcterms="http://purl.org/dc/terms/" xmlns:doc="http://www.lyncode.com/xoai" xmlns:xsi="http://www.w3.org/2001/XMLSchema-instance" xsi:schemaLocation="http://www.loc.gov/MARC21/slim http://www.loc.gov/standards/marcxml/schema/MARC21slim.xsd">
   <leader>00925njm 22002777a 4500</leader>
   <datafield ind2=" " ind1=" " tag="042">
      <subfield code="a">dc</subfield>
   </datafield>
   <datafield ind2=" " ind1=" " tag="720">
      <subfield code="a">Wallace-Ruíz, Agustín</subfield>
      <subfield code="e">author</subfield>
   </datafield>
   <datafield ind2=" " ind1=" " tag="720">
      <subfield code="a">Infante-Cañete, Lidia</subfield>
      <subfield code="e">author</subfield>
   </datafield>
   <datafield ind2=" " ind1=" " tag="720">
      <subfield code="a">Martínez González, Agustín Ernesto</subfield>
      <subfield code="e">author</subfield>
   </datafield>
   <datafield ind2=" " ind1=" " tag="720">
      <subfield code="a">Cárcel López, María Dolores</subfield>
      <subfield code="e">author</subfield>
   </datafield>
   <datafield ind2=" " ind1=" " tag="720">
      <subfield code="a">Cubi Villena, María del Mar</subfield>
      <subfield code="e">author</subfield>
   </datafield>
   <datafield ind2=" " ind1=" " tag="720">
      <subfield code="a">Martínez, María de los Ángeles</subfield>
      <subfield code="e">author</subfield>
   </datafield>
   <datafield ind2=" " ind1=" " tag="720">
      <subfield code="a">Sánchez, G.</subfield>
      <subfield code="e">author</subfield>
   </datafield>
   <datafield ind2=" " ind1=" " tag="720">
      <subfield code="a">Salvá, N.</subfield>
      <subfield code="e">author</subfield>
   </datafield>
   <datafield ind2=" " ind1=" " tag="720">
      <subfield code="a">Gómez, M.</subfield>
      <subfield code="e">author</subfield>
   </datafield>
   <datafield ind2=" " ind1=" " tag="720">
      <subfield code="a">Niñoles-Manzanera Gras, Yolanda</subfield>
      <subfield code="e">author</subfield>
   </datafield>
   <datafield ind2=" " ind1=" " tag="720">
      <subfield code="a">Andreo-Martínez, Pedro</subfield>
      <subfield code="e">author</subfield>
   </datafield>
   <datafield ind2=" " ind1=" " tag="720">
      <subfield code="a">Piqueras, Jose Antonio</subfield>
      <subfield code="e">author</subfield>
   </datafield>
   <datafield ind2=" " ind1=" " tag="720">
      <subfield code="a">Hidalgo-Berutich, Silvia</subfield>
      <subfield code="e">author</subfield>
   </datafield>
   <datafield ind2=" " ind1=" " tag="720">
      <subfield code="a">Veas Iniesta, A.</subfield>
      <subfield code="e">author</subfield>
   </datafield>
   <datafield ind2=" " ind1=" " tag="720">
      <subfield code="a">López Pina, J. A.</subfield>
      <subfield code="e">author</subfield>
   </datafield>
   <datafield ind2=" " ind1=" " tag="260">
      <subfield code="c">2023-11</subfield>
   </datafield>
   <datafield ind2=" " ind1=" " tag="520">
      <subfield code="a">La percepción del dolor y la reactividad sensorial se presenta como una tarea difícil para la ciencia al&#xd;
ser considera una respuesta subjetiva que depende de diferencias individuales. Esta dificultad se incrementa aún más si la población de estudio incluye a niños y a adolescentes. Para la medición de esta respuesta se pueden utilizar medidas neurofisiológicas o escalas estandarizadas que cuantifiquen la información. Esta evaluación es de suma importancia, ya que puede detectar si existe una dificultad para recibir e interpretar los estímulos sensoriales tanto exteroceptivos como interoceptivos. Sin embargo, aún no existe una escala dimensional para población infanto-juvenil que aborde este campo. El objetivo de este estudio es presentar las propiedades psicométricas del Pain and Sensitivity Reactivity Scale (PSRS) en población  infanto-juvenil neurotípica. La muestra está formada por más de 1000 niños y adolescentes de 12 a 17 años. La versión infanto-juvenil de la PSRS está formada tres escalas que hacen referencia al dolor, la hiposensibilidad e hipersensibilidad. Los resultados muestran una consistencia interna adecuada tanto para las diferentes escalas y como para el instrumento. Por último, en el análisis factorial exploratorio aparecen las tres dimensiones principales. En conclusión, poder evaluar la percepción del dolor y la reactividad sensorial en población infanto-juvenil puede ayudar a contextualizar problemas conductuales, emocionales e incluso académicos que pueden estar encubiertos por el desconocimiento que tanto el propio individuo muestra sobre su percepción como por el desconocimiento que familiares y profesionales de la educación presentan sobre las diferencias en la reactividad sensorial y la percepción del dolor.</subfield>
   </datafield>
   <datafield ind1="8" ind2=" " tag="024">
      <subfield code="a">https://hdl.handle.net/10630/28662</subfield>
   </datafield>
   <datafield tag="653" ind2=" " ind1=" ">
      <subfield code="a">Dolor - Medición - Congresos</subfield>
   </datafield>
   <datafield ind2="0" ind1="0" tag="245">
      <subfield code="a">Propiedades psicométricas del Pain and Sensitivity Reactivity Scales (PSRS) en población neurotípica infantojuvenil</subfield>
   </datafield>
</record>
</metadata></record></GetRecord></OAI-PMH>